Second Largest Cities - US Metro Areas - Statistics

General Stats
  • This quiz has been taken 993 times
  • The average score is 16 of 50
Answer Stats
Hint Main City Second City % Correct
4 Dallas Fort Worth
86%
32 Columbus Newark
81%
13 San Francisco Oakland
72%
16 Minneapolis Saint Paul
72%
3 Chicago Aurora
66%
19 Denver Aurora
66%
2 Los Angeles Long Beach
66%
10 Phoenix Mesa
64%
15 Seattle Tacoma
59%
29 Las Vegas Henderson
58%
6 Washington Arlington
57%
18 Tampa St. Petersburg
57%
12 Riverside San Bernardino
51%
11 Boston Cambridge
50%
41 Raleigh Durham
45%
17 San Diego Chula Vista
44%
37 Virginia Beach Chesapeake
41%
9 Miami Hialeah
41%
31 Kansas City Overland Park
39%
25 Portland Vancouver
38%
42 Oklahoma City Norman
37%
5 Houston Pasadena
33%
28 Austin Round Rock
33%
14 Detroit Warren
29%
46 Salt Lake City West Valley City
28%
23 Orlando Kissimmee
27%
35 Nashville Murfreesboro
25%
40 Milwaukee Racine
23%
47 New Orleans Metairie
20%
24 San Antonio New Braunfels
20%
33 Indianapolis Fishers
19%
22 Charlotte Concord
18%
26 Sacramento Elk Grove
17%
20 Baltimore Columbia
16%
34 Cleveland Parma
16%
21 Saint Louis O'Fallon
15%
36 San Jose Sunnyvale
15%
50 Birmingham Hoover
14%
8 Atlanta South Fulton
14%
30 Cincinnati Hamilton
13%
1 New York Hempstead
13%
45 Louisville Jeffersonville
10%
38 Providence New Bedford
10%
48 Hartford New Britain
7%
43 Memphis Bartlett
6%
7 Philadelphia Upper Darby
5%
49 Buffalo Amherst
4%
44 Richmond Midlothian
2%
39 Jacksonville Yulee
2%
27 Pittsburgh Hempfield
1%
No matching quizzes found
Score Distribution
Percent of People with Each Score
Percentile by Number Answered
Your Score History
You have not taken this quiz